| 000 | 01076nam a2200265Ia 4500 | ||
|---|---|---|---|
| 003 | OSt | ||
| 005 | 20220923211551.0 | ||
| 006 | a|||||r|||| 00| 0 | ||
| 007 | ta | ||
| 008 | 220922b |||||||| |||| 00| 0 hin d | ||
| 020 |
_a9789384788100 (hbk) _c1100 |
||
| 024 | _a290,195 | ||
| 037 |
_bBL186, 09/03/2016, K. K. Publications _cTextual |
||
| 040 |
_aARTS _cARTS _bhin |
||
| 041 |
_2hin _ahin |
||
| 082 | _aO152,3N234:g, Q5 | ||
| 100 | _aसुशील बाला | ||
| 245 | 0 |
_aशिवानी का कथा साहित्य _b युग - परिवेश - संस्कृति का संदर्भ |
|
| 246 | _aShivānī kā kathā sāhitya: yug - parivesh - sanskṛuti kā sandarbha | ||
| 260 |
_aनयी दिल्ली _b आर्य प्रकाशन मंडल _c2015 |
||
| 300 |
_a575पृ. _ccm. |
||
| 650 |
_aहिन्दी साहित्य _9156264 |
||
| 942 |
_hO152,3N234:g, Q5 _cTEXL _2CC |
||
| 999 |
_c300826 _d300826 |
||